[Event "BCF-chT3N 1718 (4NCL)"]
[Site "England"]
[Date "2018.03.17"]
[Round "7.91"]
[White "Denisov, Seny D"]
[Black "Lewis, Christopher"]
[Result "0-1"]
[WhiteElo "1858"]
[BlackElo "1807"]
[PlyCount "56"]
[EventDate "2017.11.11"]
[EventType "team-swiss"]
[EventRounds "11"]
[EventCountry "ENG"]
[SourceTitle "EXT 2020"]
[Source "ChessBase"]
[SourceDate "2019.10.17"]
[SourceVersion "1"]
[SourceVersionDate "2019.10.17"]
[SourceQuality "1"]
[WhiteTeam "3CS Oldham III"]
[BlackTeam "Shropshire II"]
[WhiteTeamCountry "ENG"]
[BlackTeamCountry "ENG"]

1. e4 c6 2. d4 d5 3. e5 c5 4. Nf3 Nc6 5. c3 cxd4 6. cxd4 Bg4 7. Bb5 e6 8. h3 Bxf3 9. Qxf3 Qb6 10. Qd3 Nge7 11. 0-0 Nf5 12. Rd1 Nfxd4 13. Ba4 Nf5 14. Nc3 Bc5 15. Nxd5 Bxf2+ 16. Kh2 Qa5 17. Qc2 Bg3+ 18. Kg1 0-0 19. Bxc6 bxc6 20. b4 Qa6 21. Ne3 Qb6 22. Qc3 Rad8 23. Rf1 Rd5 24. Kh1 Bxe5 25. Nxd5 Bxc3 26. Nxb6 Ng3+ 27. Kg1 Bxa1 28. Nd7 Bd4+ 0-1

[Event "BCF-chT3N 1718 (4NCL)"]
[Site "England"]
[Date "2017.11.11"]
[Round "1.101"]
[White "Denisov, Seny D"]
[Black "Roberts, Paul"]
[Result "0-1"]
[WhiteElo "1858"]
[BlackElo "2165"]
[PlyCount "76"]
[EventDate "2017.11.11"]
[EventType "team-swiss"]
[EventRounds "11"]
[EventCountry "ENG"]
[SourceTitle "EXT 2020"]
[Source "ChessBase"]
[SourceDate "2019.10.17"]
[SourceVersion "1"]
[SourceVersionDate "2019.10.17"]
[SourceQuality "1"]
[WhiteTeam "3CS Oldham III"]
[BlackTeam "Manchester Manticores II"]
[WhiteTeamCountry "ENG"]
[BlackTeamCountry "ENG"]

1. e4 d6 2. d4 Nf6 3. Nc3 e5 4. dxe5 dxe5 5. Qxd8+ Kxd8 6. Bg5 Be6 7. 0-0-0+ Nbd7 8. Nf3 Bd6 9. Nb5 Ke7 10. Nxd6 cxd6 11. Kb1 h6 12. Bxf6+ Nxf6 13. Nd2 Ng4 14. Re1 Nxf2 15. Rg1 Ng4 16. h3 Nf6 17. Bc4 Rac8 18. Bb3 Nd7 19. Bxe6 Kxe6 20. Rd1 Rhf8 21. g4 Nb6 22. Nf1 Nc4 23. Ng3 g6 24. Rd3 Rfd8 25. Rgd1 Nb6 26. Ne2 d5 27. Nc3 d4 28. Ne2 Rd7 29. Rf1 f6 30. b3 Rdc7 31. Rc1 Nd7 32. Rd2 b5 33. a3 Nc5 34. Ng3 Nxb3 35. cxb3 Rxc1+ 36. Kb2 Rg1 37. Ne2 Rh1 38. Ng3 Rxh3 0-1

[Event "BCF-chT3N 1617 (4NCL)"]
[Site "England"]
[Date "2017.05.01"]
[Round "11.55"]
[White "Laurence, Geoffrey"]
[Black "Denisov, Seny D"]
[Result "0-1"]
[WhiteElo "1928"]
[BlackElo "1855"]
[PlyCount "58"]
[EventDate "2016.11.26"]
[EventType "team-swiss"]
[EventRounds "11"]
[EventCountry "ENG"]
[SourceTitle "EXT 2019"]
[Source "ChessBase"]
[SourceDate "2018.10.10"]
[SourceVersion "1"]
[SourceVersionDate "2018.10.10"]
[SourceQuality "1"]
[WhiteTeam "Holmes Chapel"]
[BlackTeam "3CS Oldham II"]
[WhiteTeamCountry "ENG"]
[BlackTeamCountry "ENG"]

1. d4 Nf6 2. Nf3 e6 3. e3 c5 4. Bd3 cxd4 5. exd4 Be7 6. 0-0 0-0 7. Bf4 b6 8. c4 Bb7 9. Nc3 d5 10. cxd5 Nxd5 11. Nxd5 Bxd5 12. Re1 Nc6 13. Be4 Bxe4 14. Rxe4 Qd5 15. Re2 Rad8 16. Rd2 Bd6 17. Be3 Be7 18. a3 Bf6 19. Rc1 Rc8 20. Rc3 Ne7 21. Rdc2 Rxc3 22. Rxc3 e5 23. Qa4 exd4 24. Bxd4 Rd8 25. Rd3 Nf5 26. Bxf6 Qxd3 27. Bc3 Nd4 28. Ne1 Ne2+ 29. Kh1 Nxc3 0-1